logo

Bir Sreshtho Munshi Abdur Rouf Library
Jhenaidah Cadet College

Business Studies / (Record no. 5259)

MARC details
000 -LEADER
fixed length control field 00636nam a22002537a 4500
001 - CONTROL NUMBER
JCCL Control Number 5259
003 - CONTROL NUMBER IDENTIFIER
JCCL marc code BD-JhCC
005 - DATE AND TIME OF LATEST TRANSACTION
control field 20171211181620.0
008 - FIXED-LENGTH DATA ELEMENTS--GENERAL INFORMATION
fixed length control field 171211s2000 bg |||| ||a| 000 0 eng d
020 ## - INTERNATIONAL STANDARD BOOK NUMBER
International Standard Book Number 1873929900
035 ## - SYSTEM CONTROL NUMBER
system control number (BD-JhCC)5259
040 ## - CATALOGING SOURCE
Original cataloging agency BD-JhCC
Modifying agency BD-JhCC
041 ## - LANGUAGE CODE
Language code of Book eng
082 ## - DEWEY DECIMAL CLASSIFICATION NUMBER
Classification number 650
Author mark and Year HAL 2000
100 ## - MAIN ENTRY--PERSONAL NAME
Personal name Hall, Dave
245 ## - TITLE STATEMENT
Title Business Studies /
Statement of responsibility, etc Dave Hall, Rob jones & Carlo Raffo
260 ## - PUBLICATION, DISTRIBUTION, ETC. (IMPRINT)
Place of publication, distribution, etc Italy :
Name of publisher, distributor, etc Causeway Press Ltd,
Date of publication, distribution, etc 2000.
300 ## - PHYSICAL DESCRIPTION
Pagination 776 p. :
Dimensions 25 cm.
650 ## - SUBJECT ADDED ENTRY--TOPICAL TERM
Topical term or geographic name as entry element Business Education
700 ## - ADDED ENTRY--PERSONAL NAME
Personal name jones, Rob
700 ## - ADDED ENTRY--PERSONAL NAME
Personal name Raffo, Carlo
942 ## - ADDED ENTRY ELEMENTS (KOHA)
Source of classification or shelving scheme Dewey Decimal Classification
Koha item type Books
Holdings
Source of classification or shelving scheme Damaged status Not for loan Home library Current library Shelving location Date of accession Source of acquisition Total Checkouts Full call number Barcode Date last seen Copy number Koha item type
Dewey Decimal Classification     JCC Rouf Library JCC Rouf Library Reference 12/11/2017 Zahedee Foundation   650 HAL 2000 7129 12/11/2017 C- 1 Books
Dewey Decimal Classification     JCC Rouf Library JCC Rouf Library Reference 12/11/2017 Zahedee Foundation   650 HAL 2000 7106 12/11/2017 C- 2 Books

JCC Library | Contacts | JCC Home

Last Update on 23 September 2017
Copyright @ 2017-2020 JCC Rouf Library
Rouf Library, Jhenidah Cadet College (JCC), Bangladesh